Divorce care [videorecording] / (Record no. 6705)
[ view plain ]
| 000 -LEADER | |
|---|---|
| fixed length control field | 01187nam a2200193 4500 |
| 008 - FIXED-LENGTH DATA ELEMENTS--GENERAL INFORMATION | |
| fixed length control field | 020508s1994 ncu engt |
| 090 ## - LOCALLY ASSIGNED LC-TYPE CALL NUMBER (OCLC); LOCAL CALL NUMBER (OCLC) | |
| Classification number (OCLC) (R) ; Classification number, CALL (RLIN) (NR) | 306.89 |
| Local cutter number (OCLC) ; Book number/undivided call number, CALL (RLIN) | G88 |
| 100 1# - MAIN ENTRY--PERSONAL NAME | |
| Personal name | Grissom, Steve |
| 245 10 - TITLE STATEMENT | |
| Title | Divorce care [videorecording] / |
| Statement of responsibility, etc | by Steve Grissom and Cheryl Grissom. |
| 260 ## - PUBLICATION, DISTRIBUTION, ETC. (IMPRINT) | |
| Place of publication, distribution, etc | North Carolina : |
| Name of publisher, distributor, etc | DivorceCare Inc., |
| Date of publication, distribution, etc | c1994. |
| 300 ## - PHYSICAL DESCRIPTION | |
| Extent | 14 videocassettes (approx. 35 mins. each) : |
| Other physical details | sd., col. + |
| Accompanying material | accompanying leader equipping video, participant notebook, and leader's guide. |
| 500 ## - GENERAL NOTE | |
| General note | VHS [original] |
| 505 0# - FORMATTED CONTENTS NOTE | |
| Formatted contents note | Leader equipping video tape; Tape 1 - What's happening to me; Tape 2 - The road to healing/Finding help; Tape 3 - Facing your anger; Tape 4 - Facing your depression; Tape 5 - Facing your loneliness; TApe 6 - What does the owner's manual say?; Tape 7 - New relationships; Tape 8 - Financial survival; Tape 9 - Kidcare 1; Tape 10 - Kidcare 2; Tape 11 - Forgiveness; Tape 12 - Reconciliation; Tape 13 - Moving on, Growing closer to God. |
| 650 #4 - SUBJECT ADDED ENTRY--TOPICAL TERM | |
| Topical term or geographic name as entry element | Divorce counseling. |
| 650 #4 - SUBJECT ADDED ENTRY--TOPICAL TERM | |
| Topical term or geographic name as entry element | Divorce |
| General subdivision | Religious aspects |
| -- | Christianity. |
| 650 #4 - SUBJECT ADDED ENTRY--TOPICAL TERM | |
| Topical term or geographic name as entry element | Marriage |
| General subdivision | Biblical teaching. |
| 700 1# - ADDED ENTRY--PERSONAL NAME | |
| Personal name | Grissom, Cheryl |
| 951 ## - EQUIVALENCE OR CROSS-REFERENCE-GEOGRAPHIC NAME/AREA NAME [OBSOLETE] [CAN/MARC only] | |
| -- | V-1312 |
| -- | 306.89/G88-11 |
| -- | 070613111105187 |
| -- | 2000-12-21 |
| -- | VT |
| Withdrawn status | Lost status | Damaged status | Not for loan | Home library | Current library | Shelving location | Date acquired | Accession number | Shelving control number | Total Checkouts | Full call number | Date last seen | Price effective from | Koha item type |
|---|---|---|---|---|---|---|---|---|---|---|---|---|---|---|
| BSOP Library | BSOP Library | Video Tapes | 12/21/2000 | V-1312 | 127 | 306.89/G88-11 | 02/23/2013 | 02/23/2013 | Books |
